Indicador cordobés o sea resumen de las noticias necesarias a los viajeros y curiosos para tomar conocimiento de la historia, antigüedades, producciones naturales e industriales, y objetos de las bellas artes que se conservan en la ciudad de Córdoba, especialmente de su Iglesia Catedral / (Record no. 162926)
[ view plain ]
| 000 -LEADER | |
|---|---|
| campo de control de longitud fija | 01029nam a22002055i 4500 |
| 001 - NÚMERO DE CONTROL | |
| campo de control | 162926 |
| 003 - IDENTIFICADOR DE NÚMERO DE CONTROL | |
| campo de control | ES-MaACL |
| 005 - FECHA Y HORA DE LA ÚLTIMA TRANSACCIÓN | |
| campo de control | 20250720005115.0 |
| 008 - DATOS DE LONGITUD FIJA--INFORMACIÓN GENERAL | |
| campo de control de longitud fija | 951113s1837 sp |||| | spa d |
| 100 1# - ENTRADA PRINCIPAL--NOMBRE DE PERSONA | |
| Nombre de persona | Ramírez de las Casas Deza, Luis María. |
| 9 (RLIN) | 95137 |
| 245 10 - MENCIÓN DEL TÍTULO | |
| Título | Indicador cordobés o sea resumen de las noticias necesarias a los viajeros y curiosos para tomar conocimiento de la historia, antigüedades, producciones naturales e industriales, y objetos de las bellas artes que se conservan en la ciudad de Córdoba, especialmente de su Iglesia Catedral / |
| Mención de responsabilidad, etc. | por Luis María Ramírez y las Casas-Deza. |
| 260 ## - PUBLICACIÓN, DISTRIBUCIÓN, ETC. | |
| Lugar de publicación, distribución, etc. | Córdoba : |
| Nombre del editor, distribuidor, etc. | [s.n.], |
| Fecha de publicación, distribución, etc. | 1837 ( |
| Fabricante | Imp. de Rafael García Rodríguez) |
| 300 ## - DESCRIPCIÓN FÍSICA | |
| Extensión | 197 p. ; |
| Dimensiones | 16 cm. |
| 530 ## - NOTA DISPONIBLE DE FORMULARIO FÍSICO ADICIONAL | |
| Nota de formato físico adicional disponible | Disponible en formato digital. |
| 610 24 - PUNTO DE ACCESO ADICIONAL DE MATERIA--NOMBRE DE ENTIDAD CORPORATIVA | |
| Nombre de entidad corporativa o nombre de jurisdicción como elemento de entrada | Mezquita-catedral de Córdoba. |
| 9 (RLIN) | 146676 |
| 651 #7 - PUNTO DE ACCESO ADICIONAL DE MATERIA--NOMBRE GEOGRÁFICO | |
| Nombre geográfico | Córdoba- |
| Subdivisión general | Descripción |
| Fuente del encabezamiento o término | |
| 9 (RLIN) | 137118 |
| 852 ## - LOCALIZACIÓN | |
| Ubicación | ES-MaACL |
| Número de control de estantería | D-2751 |
| 856 ## - LOCALIZACIÓN Y ACCESO ELECTRÓNICOS | |
| Identificador Uniforme de Recursos | <a href="http://bdh-rd.bne.es/viewer.vm?id=0000099102&page=1 ">http://bdh-rd.bne.es/viewer.vm?id=0000099102&page=1 </a> |
| Nota pública | Biblioteca Digital Hispánica |
| Estatus retirado | Estado de pérdida | Estado de daño | No para préstamo | Colección | Biblioteca de origen | Biblioteca actual | Ubicación en estantería | Fecha de adquisición | Fuente de adquisición | Total de préstamos | Signatura topográfica completa | Código de barras | Visto por última vez | Precio de reemplazo | Tipo de ítem Koha |
|---|---|---|---|---|---|---|---|---|---|---|---|---|---|---|---|
| Colección digital | Biblioteca del Ateneo de Madrid | Biblioteca del Ateneo de Madrid | Sala Valle Inclán | 17/01/2008 | D-2751 | 901170706 | 23/02/2023 | 23/02/2023 | Libro impreso antiguo |
